A dictionary of the Yoruba language

Պահպանված է:
Մատենագիտական մանրամասներ
Հիմնական հեղինակ: UNIVERSITY Press
Ձևաչափ: Գիրք
Լեզու:անգլերեն
Հրապարակվել է: University Press. 2016.
Ցուցիչներ: Ավելացրեք ցուցիչ
Չկան պիտակներ, Եղեք առաջինը, ով նշում է այս գրառումը!

MARC

LEADER 00000nam a22000007a 4500
008 210427b ||||| |||| 00| 0 eng d
020 |a 978-030-760-5 
100 |a UNIVERSITY Press 
245 |a A dictionary of the Yoruba language  |g 242p. 
260 |b University Press.  |c 2016.  |h Ibadan  |i 691368  |l PL8823 .Un3  |m Yoruba language - Dictionaries - English.  |m English language - Dictionaries - Yoruba. 
942 |a lcc  |c BK  |e Ogunmilade, F.T.  |f 27/04/2021 
952 |0 0  |1 0  |2 lcc  |4 0  |6 PL8823 U N3  |7 0  |9 2370  |a HOL  |b HOL  |c LP  |d 2021-04-27  |l 0  |o PL8823 .Un3  |p 2021-6222  |r 2021-04-27 00:00:00  |w 2021-04-27  |y BK 
999 |c 1223  |d 1223